| 000 | 00362 a2200133 4500 | ||
|---|---|---|---|
| 001 | 87751 | ||
| 082 | _aPR 128 | ||
| 090 |
_c41210 _d41210 |
||
| 100 | _aUmair Baig, Plt Off 15121 69(A) EC | ||
| 245 | _aDigitization of 10 ton amsler UTM machine | ||
| 260 |
_aRisalpur _bNUST Risalpur _c2010 |
||
| 300 |
_a56p. _eAhmad Aizaz, Gp Capt |
||
| 500 | _aBE Project Reports | ||
| 942 |
_aCAE NUST _kPR 128 |
||
| 999 |
_c322824 _d322824 |
||